College Towns- Utah - Statistics

General Stats
  • This quiz has been taken 41 times
  • The average score is 6 of 7
Answer Stats
... is located in... Town % Correct
Brigham Young University Provo
100%
Dixie State University St. George
94%
University of Utah Salt Lake City
91%
Weber State University Ogden
88%
Utah Valley University Orem
85%
Utah State University Logan
79%
Southern Utah University Cedar City
73%
No matching quizzes found
Score Distribution
Percent of People with Each Score
Percentile by Number Answered
Your Score History
You have not taken this quiz